LEADER 02110nam a2200385 a 4500 001 000000042608 003 CaOOAMICUS 005 20130904121703.0 008 990304s1928 gw u000 u lat r 035 $a10816240 040 $aPUL(R)$bita 130 0 $aCorpus iuris civilis.$0(OLS)http://pul/title/21481 245 10$aCorpus iuris civilis. 250 $aEditio stereotypa quinta decima. 260 $aBerolini :$bWeidmann,$c1928. 300 $a3 v. ;$c28 cm 505 0 $aI. Institutiones, recognovit Paulus Krueger. Digesta, recognovit Theodorus Mommsen. -- II. Codex Iustinianus, recognovit Paulus Krueger. -- III. Novellae, recognovit Rudolfus Schoell; opus Schoellii morte interceptum absolvit Guilelmus Kroll. 650 4$aRoman law.$0(OLS)http://pul/subject/117 700 1 $aKrüger, Paul,$d1840-1926.$0(OLS)http://pul/name/6126 700 1 $aKroll, Wilhelm,$d1869-1939.$0(OLS)http://pul/name/4656 700 1 $aKunkel, Wolfgang,$d1902-$0(OLS)http://pul/name/16025 700 1 $aSchöll, Rudolf,$d1844-1893.$0(OLS)http://pul/name/13975 700 1 $aMommsen, Theodor,$d1817-1903.$0(OLS)http://pul/name/4019 850 $aPUL 852 $aPUL$W1$xDP2 Diritto e Scienze Sociali 1$y65$m185 D 11$j57542$nBK-PRI$qStampati$q$av. 3$B57544$CPULBib$Z2$F57544 $H4645 $81 852 $aPUL$W1$xDP2 Diritto e Scienze Sociali 1$y65$m185 D 9$j155924$nBK-PRI$qStampati$q$av. 1$B57542$CPULBib$Z2$F57542 $H4761 $81 852 $aPUL$W1$xDP2 Diritto e Scienze Sociali 1$y65$m185 D 10$j155926$nBK-PRI$qStampati$q$av. 2$B57543$CPULBib$Z2$F57543 $H4867 $81 941 1 $a8 960 $aDiritto romano$9117 960 $aDiritto romano$9117 961 $aTimbro: Bibliotheca Pontificium Institutum Utriusque Iuris. 961 $aTimbro: Bibliotheca Pontificium Institutum Utriusque Iuris. 961 $aTimbro: Bibliotheca Pontificium Institutum Utriusque Iuris. 996 $6245$aCorpus iuris civilis$9(OLS)http://pul/title/21481 996 $6260$aBerolini :$bWeidmann$9(OLS)http://pul/publisher/64934 LEADER 02213nas a2200361 u 4500 001 000000106137 003 CaOOAMICUS 005 20070709112507.0 008 070709d19301942it ar p 0 0ita u 040 $aPUL$bita$dGP 245 10$aAnnuario della Reale Accademia d'Italia . 260 $aRoma :$bTipografia del Senato,$c1930-1942. 300 $a14 v. $bill. ;$c25 cm. 310 $aAnnuale 362 0 $aA. 1 (1929)-a. 14 (1941/42) 650 4$aFilosofia morale.$0(OLS)http://pul/subject/560 651 4$aItalia$xStoria$y1922-1945.$0(OLS)http://pul/subject/16238 710 2 $aReale Accademia d'Italia.$0(OLS)http://pul/name/5817 850 $aPUL 852 $aPUL$W1$xDP2 Filosofia 1$y62$m97 Z 1$j119183$aAnno 7, vol. 1 (1929).$qStampati$B119073$CPULBib$Z2$F119073 $H84063 $82 852 $aPUL$W1$xDP2 Filosofia 1$y62$m97 Z 2$j119184$aAnno 8, vol. 2 (1929-1930).$qStampati$B119074$CPULBib$Z2$F119074 $H84064 $82 852 $aPUL$W1$xDP2 Filosofia 1$y62$m97 Z 4$j119185$aAnno 11, vol. 5 (1932-1933).$qStampati$B119075$CPULBib$Z2$F119075 $H84065 $82 852 $aPUL$W1$xDP2 Filosofia 1$y62$m97 Z 3$j119186$aAnno 10, vol. 4 (1931-1932).$qStampati$B119076$CPULBib$Z2$F119076 $H84068 $82 852 $aPUL$W1$xDP2 Filosofia 1$y62$m97 Z 5$j119187$aAnno 12, vol. 6 (1933-1934).$qStampati$B119077$CPULBib$Z2$F119077 $H84066 $82 852 $aPUL$W1$xDP2 Filosofia 1$y62$m97 Z 6$j119188$aAnno 13-15, vol. 7-9 (1934-1937).$qStampati$B119078$CPULBib$Z2$F119078 $H84067 $82 961 $aTimbri: Bibliotheca Pia Pont. Seminarii Romani. 961 $aTimbri: Bibliotheca Pia Pont. Seminarii Romani. 961 $aTimbri: Bibliotheca Pia Pont. Seminarii Romani. 961 $aTimbri: Bibliotheca Pia Pont. Seminarii Romani. 961 $aTimbri: Bibliotheca Pia Pont. Seminarii Romani. 961 $aTimbri: Bibliotheca Pia Pont. Seminarii Romani. 996 $6245$aAnnuario della Reale Accademia d'Italia $9(OLS)http://pul/title/133669 996 $6260$aRoma :$bTipografia del Senato$9(OLS)http://pul/publisher/50586